书目信息 |
| 题名: |
班级管理与班主任工作的理论与实践
|
|
| 作者: | 梁钊华 主编 | |
| 分册: | ||
| 出版信息: | 成都 西南交通大学出版社 2015.08 |
|
| 页数: | 132页 | |
| 开本: | 26cm | |
| 丛书名: | 普通高等教育“十三五”师范类应用型人才培养实训规划丛书 | |
| 单 册: | ||
| 中图分类: | G424.21 , G451.6 | |
| 科图分类: | ||
| 主题词: | 班级--学校管理--高等学校--教材 , 班主任工作--高等学校--教材 | |
| 电子资源: | ||
| ISBN: | 978-7-5643-4227-2 | |
| 000 | 01151oam2 2200289 450 | |
| 001 | 0108153902 | |
| 005 | 20210308154401.0 | |
| 010 | @a978-7-5643-4227-2@dCNY25.00 | |
| 100 | @a20210306e20192015em y0chiy50 ea | |
| 101 | 0 | @achi |
| 102 | @aCN@b510000 | |
| 105 | @ay z 000yy | |
| 106 | @ar | |
| 200 | 1 | @a班级管理与班主任工作的理论与实践@Aban ji guan li yu ban zhu ren gong zuo de li lun yu shi jian@f梁钊华主编 |
| 210 | @a成都@c西南交通大学出版社@d2015.08@h2019.01 | |
| 215 | @a132页@d26cm | |
| 225 | 2 | @a普通高等教育“十三五”师范类应用型人才培养实训规划丛书 |
| 300 | @a培养模式创新实验教材 | |
| 330 | @a本书内容既涉及班级管理的基本理论,包括班级管理和班主任工作的应用原理和技能技巧,更对基础教育实践中大量的中小学、幼儿园班主任教师长期在一线担任班主任工作时积累的班级管理方面的成功经验进行了分享与评析。 | |
| 461 | 0 | @12001 @a普通高等教育“十三五”师范类应用型人才培养实训规划丛书 |
| 606 | 0 | @a班级@x学校管理@x高等学校@j教材 |
| 606 | 0 | @a班主任工作@x高等学校@j教材 |
| 690 | @aG424.21@v5 | |
| 690 | @aG451.6@v5 | |
| 701 | 0 | @a梁钊华@Aliang zhao hua@4主编 |
| 801 | 0 | @aCN@bBJSZM@c20210308 |
| 905 | @b1271249-52@dG424.21@e485@f4 | |
| 班级管理与班主任工作的理论与实践/梁钊华主编.-成都:西南交通大学出版社,2015.08(2019.01) |
| 132页;26cm.-(普通高等教育“十三五”师范类应用型人才培养实训规划丛书) |
| 培养模式创新实验教材 |
| ISBN 978-7-5643-4227-2:CNY25.00 |
| 本书内容既涉及班级管理的基本理论,包括班级管理和班主任工作的应用原理和技能技巧,更对基础教育实践中大量的中小学、幼儿园班主任教师长期在一线担任班主任工作时积累的班级管理方面的成功经验进行了分享与评析。 |
| ● |
| 相关链接 |
|
|
|
|
正题名:班级管理与班主任工作的理论与实践
索取号:G424.21/485
 
预约/预借
| 序号 | 登录号 | 条形码 | 馆藏地/架位号 | 状态 | 备注 |
| 1 | 1271249 | 212712493 | 第一样本阅览室/ [索取号:G424.21/485] | 在馆 | |
| 2 | 1271250 | 212712509 | 教育系资料室/ [索取号:G424.21/485] | 在馆 | |
| 3 | 1271251 | 212712518 | 教育系资料室/ [索取号:G424.21/485] | 在馆 | |
| 4 | 1271252 | 212712527 | 第四借阅区/ [索取号:G424.21/485] | 在馆 |